MARC details
| 000 -LEADER |
| fixed length control field |
01985cam a2200565 a 4500 |
| 001 - CONTROL NUMBER |
| control field |
21520 |
| 003 - CONTROL NUMBER IDENTIFIER |
| control field |
VRT |
| 005 - DATE AND TIME OF LATEST TRANSACTION |
| control field |
20260303145715.0 |
| 008 - FIXED-LENGTH DATA ELEMENTS--GENERAL INFORMATION |
| fixed length control field |
160610s2014 xr a c 000 f slo |
| 015 ## - NATIONAL BIBLIOGRAPHY NUMBER |
| National bibliography number |
SNBZSA2015 |
| 020 ## - INTERNATIONAL STANDARD BOOK NUMBER |
| International Standard Book Number |
9788025232385 (viaz.) |
| 035 ## - SYSTEM CONTROL NUMBER |
| System control number |
3986924B-DC75-413A-8E79-909E340A7D19 |
| 035 ## - SYSTEM CONTROL NUMBER |
| System control number |
urn:nbn:sk:snk-aml5zk |
| 035 ## - SYSTEM CONTROL NUMBER |
| System control number |
urn:nbn:sk:snk-am008v43 |
| 039 #9 - LEVEL OF BIBLIOGRAPHIC CONTROL AND CODING DETAIL [OBSOLETE] |
| Level of rules in bibliographic description |
201606101711 |
| Level of effort used to assign nonsubject heading access points |
VLOAD |
| Level of effort used to assign subject headings |
201604291526 |
| Level of effort used to assign classification |
VLOAD |
| Level of effort used to assign subject headings |
201604271836 |
| Level of effort used to assign classification |
VLOAD |
| Level of effort used to assign subject headings |
201511040933 |
| Level of effort used to assign classification |
csnk08 |
| 040 ## - CATALOGING SOURCE |
| Original cataloging agency |
POKPOH |
| Language of cataloging |
slo |
| Transcribing agency |
POKPOH |
| Modifying agency |
SNK |
| Description conventions |
AACR2 |
| 041 1# - LANGUAGE CODE |
| Language code of text/sound track or separate title |
slo |
| Language code of original |
eng |
| 044 ## - COUNTRY OF PUBLISHING/PRODUCING ENTITY CODE |
| MARC country code |
xr |
| ISO country code |
CZ |
| 072 #7 - SUBJECT CATEGORY CODE |
| Subject category code |
821.111-3 |
| Subject category code subdivision |
Anglická próza, anglicky písaná |
| Source |
konspekt |
| 072 #7 - SUBJECT CATEGORY CODE |
| Subject category code |
821-93 |
| Subject category code subdivision |
Literatúra pre deti a mládež (beletria) |
| Source |
konspekt |
| 080 ## - UNIVERSAL DECIMAL CLASSIFICATION NUMBER |
| Universal Decimal Classification number |
821.111-32 |
| Edition identifier |
2001 |
| 080 ## - UNIVERSAL DECIMAL CLASSIFICATION NUMBER |
| Universal Decimal Classification number |
821-93 |
| Edition identifier |
2001 |
| 080 ## - UNIVERSAL DECIMAL CLASSIFICATION NUMBER |
| Universal Decimal Classification number |
(0:82-94) |
| Edition identifier |
2001 |
| 130 0# - MAIN ENTRY--UNIFORM TITLE |
| Uniform title |
Violetta. The Secret Diary. |
| Language of a work |
Slovensky |
| 245 10 - TITLE STATEMENT |
| Title |
Vilolettin [i.e. Violettin] tajný denník |
| Statement of responsibility, etc. |
[preklad: Eva Krupová] |
| 246 3# - VARYING FORM OF TITLE |
| Title proper/short title |
Violettin tajný denník |
| 250 ## - EDITION STATEMENT |
| Edition statement |
1. vyd. |
| 260 ## - PUBLICATION, DISTRIBUTION, ETC. |
| Place of publication, distribution, etc. |
Praha |
| Name of publisher, distributor, etc. |
Egmont ČR |
| Date of publication, distribution, etc. |
2014 |
| 300 ## - PHYSICAL DESCRIPTION |
| Extent |
186 s. |
| Other physical details |
ilustr. |
| Dimensions |
23 cm |
| 490 1# - SERIES STATEMENT |
| Series statement |
Disney. Violetta |
| 500 ## - GENERAL NOTE |
| General note |
Pravdepodobne preložené z angličtiny |
| 500 ## - GENERAL NOTE |
| General note |
Podľa úspešného seriálu z produkcie Disney Channel |
| 500 ## - GENERAL NOTE |
| General note |
Copyright Disney Enterprises |
| 500 ## - GENERAL NOTE |
| General note |
Chybný názov na obale a na tit. s.: Vilolettin tajný denník |
| 655 #7 - INDEX TERM--GENRE/FORM |
| Genre/form data or focus term |
anglicky písané príbehy |
| Source of term |
SNK |
| 655 #7 - INDEX TERM--GENRE/FORM |
| Genre/form data or focus term |
publikácie pre mládež |
| Source of term |
SNK |
| 655 #7 - INDEX TERM--GENRE/FORM |
| Genre/form data or focus term |
fiktívne denníky |
| Source of term |
SNKPH |
| 655 #7 - INDEX TERM--GENRE/FORM |
| Genre/form data or focus term |
Stories in English |
| Source of term |
SNKPHeng |
| 655 #7 - INDEX TERM--GENRE/FORM |
| Genre/form data or focus term |
Juvenile literature |
| Source of term |
SNKPHeng |
| 655 #7 - INDEX TERM--GENRE/FORM |
| Genre/form data or focus term |
Imaginary diaries |
| Source of term |
SNKPHeng |
| 700 1# - ADDED ENTRY--PERSONAL NAME |
| Personal name |
Krupová, Eva, |
| Dates associated with a name |
1941- |
| Relationship |
trl |
| 710 2# - ADDED ENTRY--CORPORATE NAME |
| Corporate name or jurisdiction name as entry element |
Disney Enterprises |
| Relationship |
pbl |
| 830 #0 - SERIES ADDED ENTRY--UNIFORM TITLE |
| Uniform title |
Disney. Violetta |
| 910 ## - USER-OPTION DATA (OCLC) |
| User-option data |
pokpoh |
| 910 ## - USER-OPTION DATA (OCLC) |
| User-option data |
totk |
| 910 ## - USER-OPTION DATA (OCLC) |
| User-option data |
skpk |
| 910 ## - USER-OPTION DATA (OCLC) |
| User-option data |
snk |
| 942 ## - ADDED ENTRY ELEMENTS (KOHA) |
| Source of classification or shelving scheme |
Dewey Decimal Classification |
| Koha item type |
Krásna literatúra pre deti |
| Suppress in OPAC |
No |
| 949 ## - LOCAL PROCESSING INFORMATION (OCLC) |
| 6 |
17A1139594 |
| a |
snkSC 163468 |
| b |
snk2015/7524 |
| o |
Pemic10-ah/18Int. č. fa – 10/2015 |
| s |
6100:20151105 |